000 014850000a22003250004500
003 EG-GICUC
005 20250223025339.0
008 080618s2008 ua d f m 000 0 eng d
040 _aEG-GICUC
_beng
_cEG-GICUC
041 0 _aEng
049 _aDeposite
097 _aM.Sc
099 _aCai01.20.03.M.Sc.2008.Am.A
100 0 _aAmin Mohammad Amin Allam
245 1 3 _aAn Arabic disambiguating engine based on statistical approaches /
_cAmin Mohammad Amin Allam ; Supervised Aly Fahmy
246 1 5 _aوسيلة الية لتقليل الالتباس فى فهم اللغة العربية بناء على الطرق الاحصائية
260 _aCairo :
_bAmin Mohammad Amin Allam ,
_c2008
300 _a118Leaves :
_bcharts ;
_c30cm
502 _aThesis (M.Sc.) - Cairo University - Faculty Of Computers and Information - Department Of Computer Science
520 _aBased on augmented phrase structure grammars we proposed an exponential parsing model which treats the parse as a set of linguistic features using a variation of bottom - up chart parsing a prototype implementation of this model is tested on a set of modern Arabic sentences and results are reported
530 _aIssued also as CD
653 4 _aArabic Language
653 4 _aDisambiguation
653 4 _aStatistical approaches
700 0 _aAly Fahmy ,
_eSupervisor
856 _uhttp://172.23.153.220/th.pdf
905 _aEnas
_eCataloger
905 _aMustafa
_eRevisor
942 _2ddc
_cTH
999 _c10994
_d10994